000 00406nam a2200157Ia 4500
008 221030s9999 xx 000 0 und d
020 _a9382609582
041 _aEnglish
100 _aR. S. Salaria
245 0 _aData Structures - Theory, Problems & Algorithms
_cby R. S. Salaria
250 _a2nd
260 _bKhanna Pub.
_aNew Delhi
_c2015
300 _a12.33
650 _aBB Computer
942 _cBK
999 _c16266
_d16266